<?xml version="1.0" encoding="UTF-8"?>
<collection xmlns="http://www.loc.gov/MARC21/slim">
 <record>
  <leader>00937cam a2200301 7i4500</leader>
  <controlfield tag="001">0000055357</controlfield>
  <controlfield tag="005">20200814090000.0</controlfield>
  <controlfield tag="007">  Monographs</controlfield>
  <controlfield tag="008">190528                              eng</controlfield>
  <datafield tag="020" ind1=" " ind2=" ">
   <subfield code="a">9780803658783 (hard) </subfield>
  </datafield>
  <datafield tag="090" ind1="0" ind2="0">
   <subfield code="a">QP303 </subfield>
   <subfield code="b">LEV 2019</subfield>
  </datafield>
  <datafield tag="100" ind1="1" ind2=" ">
   <subfield code="a">Levangie, Pamela K. </subfield>
  </datafield>
  <datafield tag="245" ind1="1" ind2="0">
   <subfield code="a">Joint structure and function : </subfield>
   <subfield code="b">a comprehensive analysis  </subfield>
   <subfield code="c">Pamela K. Levangie, Cynthia C. Norkin, Mchael D. Lewek.</subfield>
  </datafield>
  <datafield tag="250" ind1=" " ind2=" ">
   <subfield code="a">Sixth Edition.</subfield>
  </datafield>
  <datafield tag="264" ind1=" " ind2="1">
   <subfield code="a">Philadelphia: </subfield>
   <subfield code="b">F.A. Davis Co., </subfield>
   <subfield code="c">2019.</subfield>
  </datafield>
  <datafield tag="264" ind1=" " ind2="1">
   <subfield code="c">♭2019.</subfield>
  </datafield>
  <datafield tag="300" ind1=" " ind2=" ">
   <subfield code="a">xvi, 535 pages: </subfield>
   <subfield code="b">color illustrations; </subfield>
   <subfield code="c">28 cm.</subfield>
  </datafield>
  <datafield tag="336" ind1=" " ind2=" ">
   <subfield code="a">text</subfield>
   <subfield code="2">rdacontent</subfield>
  </datafield>
  <datafield tag="337" ind1=" " ind2=" ">
   <subfield code="a">unmediated</subfield>
   <subfield code="2">rdamedia</subfield>
  </datafield>
  <datafield tag="338" ind1=" " ind2=" ">
   <subfield code="a">volume</subfield>
   <subfield code="2">rdacarrier</subfield>
  </datafield>
  <datafield tag="501" ind1="0" ind2="0">
   <subfield code="a">FHLS</subfield>
  </datafield>
  <datafield tag="501" ind1="0" ind2="0">
   <subfield code="a">DPHTI</subfield>
  </datafield>
  <datafield tag="650" ind1="1" ind2="0">
   <subfield code="a">Human mechanics </subfield>
  </datafield>
  <datafield tag="650" ind1="1" ind2="0">
   <subfield code="a">Joints </subfield>
  </datafield>
  <datafield tag="650" ind1="1" ind2="0">
   <subfield code="a">Joints -- </subfield>
   <subfield code="x">anatomy and histology </subfield>
  </datafield>
  <datafield tag="700" ind1="1" ind2=" ">
   <subfield code="a">Norkin, Cynthia C. </subfield>
  </datafield>
  <datafield tag="700" ind1="1" ind2=" ">
   <subfield code="a">Lewek, Michael L </subfield>
  </datafield>
  <datafield tag="856" ind1=" " ind2=" ">
   <subfield code="u">http://www.fadavis.com</subfield>
  </datafield>
 </record>
</collection>
